Flujo de energía a travez de los hogares Tatuyo: análisis preliminar (Registro nro. 11330)
[ vista simple ]
| 000 -CABECERA | |
|---|---|
| Campo de control | 005740000a22001810004500 |
| 090 ## - CLASIFICACIÓN LOCAL | |
| Colección | AR |
| Consecutivo | 02258 |
| 041 0# - IDIOMA | |
| Código de idioma para texto/pista de sonido o título separado | |
| 100 1# - ASIENTO PRINCIPAL--NOMBRE PERSONAL | |
| Nombre personal | Dufour, Darna L. |
| 245 10 - MENCION DE TITULO | |
| Título | Flujo de energía a travez de los hogares Tatuyo: análisis preliminar |
| 650 14 - ASIENTO SECUNDARIO DE MATERIA - TERMINO TEMATICO | |
| Término temático o nombre geográfico como elemento de entrada | Antropología |
| 650 14 - ASIENTO SECUNDARIO DE MATERIA - TERMINO TEMATICO | |
| Término temático o nombre geográfico como elemento de entrada | Indígenas |
| 650 14 - ASIENTO SECUNDARIO DE MATERIA - TERMINO TEMATICO | |
| Término temático o nombre geográfico como elemento de entrada | Tukano |
| 650 14 - ASIENTO SECUNDARIO DE MATERIA - TERMINO TEMATICO | |
| Término temático o nombre geográfico como elemento de entrada | Aspectos socioculturales |
| 650 14 - ASIENTO SECUNDARIO DE MATERIA - TERMINO TEMATICO | |
| Término temático o nombre geográfico como elemento de entrada | Ecología |
| 651 #4 - ASIENTO SECUNDARIO DE MATERIA - NOMBRE GEOGRAFICO | |
| -- | Aldea Yapú |
| -- | Vaupés |
| -- | Colombia |
| 773 1# - Item fuente: | |
| Título | Revista Colombiana de Antropología |
| Especificación de materiales | 373 |
| Paginas del Articulo | 237-262 |
| Lugar, editorial y fecha de publicación | 1984-1985 |
| Información sobre la relación | 25 |
| 942 ## - ELEMENTOS ADICIONALES (KOHA) | |
| Tipo de ítem | Artículo |
| Withdrawn status | Lost status | Sistema de Clasificación | Damaged status | No para préstamo | Colección | Ubicación Permanente | Ubicación actual | Fecha de adquisición | Fuente de Valor | Datos de publicación Seriada | Total Checkouts | Número topográfico | Inventario / Código de Barras | Date last seen | Ejemplar | Price effective from | Tipo de material |
|---|---|---|---|---|---|---|---|---|---|---|---|---|---|---|---|---|---|
| Dewey Decimal Classification | No para Préstamo | Hemeroteca | Villa de Leyva | Villa de Leyva | 27/02/2015 | Academia Colombiana de Ciencias Exactas, Físicas y Naturales | Fuera de circulación | AR 02258 | 012645 | 25/03/2015 | 1 | 25/03/2015 | Artículo |